00261nam a2200085Ia 4500008004100000082001200041100002600053245005900079500003700138190716s9999 xx 000 0 und d aTM-408# aMallik, Basanta Kumar 0aSocial protest and popular movement in medieval Orissa aContinued in Next Acc. No. MF549